Titles and bureaux of Egypt, 1850-1700 BC /

Saved in:

Main Author: Quirke, Stephen (Author)

Format: Book

Language: English

Published: London : Golden House, 2004.

Series: GHP Egyptology ; 1.
Egyptology ; 1.

Subjects:

Tags: Add Tag

No Tags, Be the first to tag this record!

Call Number: DT59 .E88 v.1

LEADER 00848namaa2200277 4500
001 13460
003 OSt
005 20260517082605.0
008 130303s2004 enka b 001 0 eng d
020 |a 0954721802 
020 |a 9780954721800 
040 |c ARCE Library 
043 |a f-ua--- 
050 4 |a DT59 .E88 v.1 
100 1 |a Quirke, Stephen,  |e author  |9 38025 
245 1 0 |a Titles and bureaux of Egypt, 1850-1700 BC /   |c Stephen Quirke. 
264 1 |a London :  |b Golden House,  |c 2004. 
300 |a vi, 153 pages :  |b illustrations ;  |c 21 cm. 
490 0 |a GHP Egyptology ;   |v 1. 
490 0 |a Egyptology ;   |v 1. 
504 |a Includes bibliographical references and index. 
650 0 |a Egyptian language  |v Glossaries, vocabularies, etc. 
651 0 |a Egypt  |x Officials and employees  |x Titles.  
901 |a reviewed 
942 |c BK  |2 lcc 
999 |c 14537  |d 14537